000 00634nam a2200193Ia 4500
003 GCL
008 140319s9999 xx 000 0 ara d
040 _aGCL /
_cGCL
082 0 4 _a342.02
_bع ق
100 1 _aعبدالغنى بسيونى عبدالله
245 1 0 _aالقانون الادارى /
_cعبدالغنى بسيونى عبدالله
260 _a[S.N] :
_bمنشاة المعارف الاسلامية ،
_c1991
300 _a686 ص
490 _aالكتب القانونية
_v0
650 0 4 _aالقانون
650 0 4 _aالقانون العام
650 0 4 _aالقانون الادارى
942 _2ddc
_cBK
999 _c29247
_d29247